000
00311nam a22001337a 4500
008
181008b xxu||||| |||| 00| 0 eng d
020
_a
9781416052906
041
_a
eng
080
_2
6th
_a
615
100
_a
5
101
_a
FAR
245
_a
Pharmacology a Nursing Process Approach
_c
Kee,J.L
942
_2
udc
_c
BK
999
_c
49034
_d
49034